000 00737nam a2200241 a 4500
001 60814
003 BD-RjUL
005 20211209080903.0
008 170103s1983 vaua b 001 0 eng
020 _a0835920127 :
_c23.95
035 _a(BD-RjUL)60938
040 _aDLC
_cDLC
_dBD-RjUL
_beng
041 _aeng
082 _223
_a658.15
_bHAF 1983
100 1 _aHampton, John J.,
_d1942-
_9181267
245 1 0 _aFinancial decision making :
_bconcepts, problems & cases /
_cJohn J. Hampton.
250 _a3rd ed.
260 _aReston, Va. :
_bReston Pub. Co.,
_cc1983.
300 _axiv, 641 p. :
_bill. ;
_c25 cm.
504 _aIncludes index and Bibliography: p. 615-636.
650 0 _aCorporations
_xFinance.
_9175109
942 _2ddc
_cBK
999 _c60814
_d60814